Catalog

Record Details

Catalog Search



Available copies

  • 1 of 1 copy available at LARL/NWRL Consortium.
  • 1 of 1 copy available at Lake Agassiz Regional Library. (Show preferred library)

Current holds

0 current holds with 1 total copy.

Show Only Available Copies
Location Call Number / Copy Notes Barcode Shelving Location Status Due Date
Moorhead Public Library DUN (Text) 33500012313615 Main Available -

Record details

  • ISBN: 9780062427199
  • ISBN: 0062427199
  • ISBN: 9780062427205
  • ISBN: 0062427202
  • Physical Description: 307 pages ; 24 cm
  • Edition: First edition.
  • Publisher: New York, NY : William Morrow, an imprint of HarperCollins Publishers, [2016]

Content descriptions

Summary, etc.:
Waking up at the Waldorf Astoria with blood on his ... Read More
Will Cochrane wakes up at the Waldorf Astoria in ... Read More
Subject: Intelligence officers > Fiction.
Missing children > Fiction.
Murder > Investigation > Fiction.
FICTION > Espionage.
FICTION > Thrillers.
Intelligence officers
Missing children
Murder > Investigation.
Genre: Spy stories.
Suspense fiction.
Thrillers (Fiction)
Fiction.
Suspense fiction.
LDR 02934cam a22006378i 4500
001215560
003LARL_NWRL_CONSORTIUM
00520161104204037.0
008160520s2016 nyu e 000 1 eng
019 . ‡a959925974 ‡a961147807 ‡a961406364
020 . ‡a9780062427199 ‡q(Hardcover)
020 . ‡a0062427199 ‡q(Hardcover)
020 . ‡a9780062427205 ‡q(Mass Market)
020 . ‡a0062427202 ‡q(Mass Market)
020 . ‡z9780062427212 ‡q(ebook)
020 . ‡z0062427210 ‡q(e-book)
020 . ‡z9780062564306 ‡q(Audio)
020 . ‡z0062564307 ‡q(Audio)
035 . ‡a(OCoLC)950519392 ‡z(OCoLC)959925974 ‡z(OCoLC)961147807 ‡z(OCoLC)961406364
042 . ‡apcc
08200. ‡a823/.92 ‡223
084 . ‡aFIC006000 ‡aFIC031000 ‡2bisacsh
1001 . ‡aDunn, Matthew, ‡d1968- ‡eauthor. ‡0(LARL_NWRL_CONSORTIUM)220851
24512. ‡aA soldier's revenge. ‡n#6 / ‡cMatthew Dunn.
250 . ‡aFirst edition.
264 1. ‡aNew York, NY : ‡bWilliam Morrow, an imprint of HarperCollins Publishers, ‡c[2016]
300 . ‡a307 pages ; ‡c24 cm
336 . ‡atext ‡btxt ‡2rdacontent
337 . ‡aunmediated ‡bn ‡2rdamedia
338 . ‡avolume ‡bnc ‡2rdacarrier
4900 . ‡aSpycatcher ; ‡v6
520 . ‡aWaking up at the Waldorf Astoria with blood on his hands and no memory of what happened, former intelligence agent Will Cochrane is challenged to evade U.S. authorities who would apprehend him for a murder he did not commit.
520 . ‡aWill Cochrane wakes up at the Waldorf Astoria in New York with blood on his hands, a woman's body in the bathtub, and no memory of what happened. He was on his way to visit the sons of a former colleague who was killed in the line of duty, and Cochrane finds out that they have been attacked. Now he must evade the authorities, track down the person who framed him, and save the boys... before it's too late.
650 0. ‡aIntelligence officers ‡vFiction. ‡0(LARL_NWRL_CONSORTIUM)165203
650 0. ‡aMissing children ‡vFiction. ‡0(LARL_NWRL_CONSORTIUM)166118
650 0. ‡aMurder ‡xInvestigation ‡vFiction. ‡0(LARL_NWRL_CONSORTIUM)166203
650 7. ‡aFICTION ‡xEspionage. ‡2bisacsh
650 7. ‡aFICTION ‡xThrillers. ‡2bisacsh
650 7. ‡2fast ‡aIntelligence officers ‡0(LARL_NWRL_CONSORTIUM)23271
650 7. ‡2fast ‡aMissing children ‡0(LARL_NWRL_CONSORTIUM)25887
650 7. ‡aMurder ‡xInvestigation. ‡2fast ‡0(LARL_NWRL_CONSORTIUM)26286
655 7. ‡aSpy stories. ‡2gsafd
655 7. ‡aSuspense fiction. ‡2gsafd
655 7. ‡aThrillers (Fiction) ‡2lcgft
655 7. ‡aFiction. ‡2fast
655 7. ‡aSuspense fiction. ‡2fast
901 . ‡a215560 ‡bOCoLC ‡c215560 ‡tbiblio ‡soclc

Additional Resources